000 00965nas a2200289 4500
001 BR0808058
003 BR-BrBNA
005 20231205112806.0
007 ta
008 230509b bl.|||p| |||| 00| 00por d
040 _aBR-BrBNA
_bpor
_cBiblioteca Nacional de Agricultura
041 _a(Pt)
072 _aL53
100 1 _aVianna, C.H.C.
100 1 _aSilveira, P.R.S da
100 1 _aMoretti, A.S.A.
100 1 _aRodrigues, P.H.M.
245 1 _aRelações entre as características intervalo demame-cio, duração do cio e momento da ovulação diagnosticado pela ultra-sonografia em fêmeas da espécie suína
650 _aPORCO
650 _aREPRODUÇÃO ANIMAL
650 _aOVULAÇÃO
650 _aCIO
650 _aULTRA-SOM
773 0 _tBrazilian Journal of Veterinary Research and Animal Science (Brazil)
_xISSN 1413-9596
_g(1999), v. 36(4/6) p. 212-218
_wBR0808058
909 _a202311
_bLúcia
_c55
_dLúcia Elande
942 _2AGRIS
_n0
_cANA
999 _c200007
_d200007